Southville International School and Colleges
Your cart is empty.
  • Cart
  • Lists
    Public lists Eva Luna New books Lux_list list_1
    Your lists Log in to create your own lists
  • Log in to your account
  • Your cookies
  • Search history
Southville International School and Colleges
  • Advanced search
  • Recent comments
  • Most popular
  • Libraries

Log in to your account

Log in with GOOGLE


If you do not have an external account, but do have a local account, you can still log in:

  1. Home
  2. MARC view: Healthy pregnancy over 35 /
Normal view MARC view ISBD view

Healthy pregnancy over 35 / (Record no. 13693)

[ view plain ]
MARC details
000 -LEADER
fixed length control field 00686cam a22002297a 4500
003 - CONTROL NUMBER IDENTIFIER
control field OSt
005 - DATE AND TIME OF LATEST TRANSACTION
control field 20140310182453.0
008 - FIXED-LENGTH DATA ELEMENTS--GENERAL INFORMATION
fixed length control field 050727s2005 nyua 001 0 eng d
020 ## - INTERNATIONAL STANDARD BOOK NUMBER
International Standard Book Number 9780756609542 (pbk.)
050 00 - LIBRARY OF CONGRESS CALL NUMBER
Classification number RG 556.6
Item number .G611 2005
100 1# - MAIN ENTRY--PERSONAL NAME
Personal name Goetzl, Laura.
9 (RLIN) 8182
245 10 - TITLE STATEMENT
Title Healthy pregnancy over 35 /
Statement of responsibility, etc Laura Goetzl and Regine Harford.
246 3# - VARYING FORM OF TITLE
Title proper/short title Healthy pregnancy over thirty-five
250 ## - EDITION STATEMENT
Edition statement 1st American ed.
260 ## - PUBLICATION, DISTRIBUTION, ETC. (IMPRINT)
Place of publication, distribution, etc New York :
Name of publisher, distributor, etc DK Pub.,
Date of publication, distribution, etc c2005.
300 ## - PHYSICAL DESCRIPTION
Extent 160 p. :
Other physical details col. ill. ;
Dimensions 24 cm.
500 ## - GENERAL NOTE
General note Includes index.
650 #0 - SUBJECT ADDED ENTRY--TOPICAL TERM
Topical term or geographic name as entry element Pregnancy in middle age.
9 (RLIN) 8183
700 1# - ADDED ENTRY--PERSONAL NAME
Personal name Harford, Regine.
9 (RLIN) 8184
942 ## - ADDED ENTRY ELEMENTS (KOHA)
Source of classification or shelving scheme Library of Congress Classification
Koha item type
Holdings
Withdrawn status Lost status Source of classification or shelving scheme Damaged status Home library Current library Shelving location Date acquired Total Checkouts Full call number Barcode Date last seen Copy number Price effective from Koha item type
    Library of Congress Classification   South SEED-LPDH College Library South SEED-LPDH College Library South SEED-LPDH College Section 08/05/2013   RG 556.6 .G611 2005 SSLC0299 05/15/2018 1 08/05/2013 Books

Healthy pregnancy over 35 /

APA

Goetzl L., Harford R., . (2005). Healthy pregnancy over 35. New York: DK Pub.

Chicago

Goetzl Laura, Harford Regine, . 2005. Healthy pregnancy over 35. New York: DK Pub.

Harvard

Goetzl L., Harford R., . (2005). Healthy pregnancy over 35. New York: DK Pub.

MLA

Goetzl Laura, Harford Regine, . Healthy pregnancy over 35. New York: DK Pub. 2005.

  • Place hold
  • Print
  • Cite
  • Add to your cart (remove)
  • Save record
    BIBTEX Dublin Core MARCXML MARC (non-Unicode/MARC-8) MARC (Unicode/UTF-8) MARC (Unicode/UTF-8, Standard) MODS (XML) RIS
  • More searches
    Search for this title in:
    Other Libraries (WorldCat) Other Databases (Google Scholar) Online Stores (Bookfinder.com) Open Library (openlibrary.org)

Exporting to Dublin Core...

SOUTHVILLE LIBRARY

Southville International School and Colleges Library

1281 Tropical Ave. Cor. Luxembourg St., BF Homes International, Las Pinas City

Tel. No. 8256374 / 252358 Loc. 117/146

Powered by Koha